| 000 | 01104nam a2200241 i 4500 | ||
|---|---|---|---|
| 001 | 68395 | ||
| 003 | ES-MaACL | ||
| 005 | 20251109144904.0 | ||
| 007 | t| | ||
| 008 | 940202s1852 sp ||||1| spa d | ||
| 040 |
_aCAM _bspa |
||
| 100 | 1 |
_aGarcia Goyena, Florencio. _9206357 |
|
| 245 | 1 | 0 |
_aFebrero, o Librería de jueces, abogados y escribanos _b: comprensiva de los Códigos civil, criminal y administrativo, tanto en la parte teórica como en la práctica... / _cpor... Florencio Garcia Goyena... y... Joaquin Aguirre ; corregida y aumentada por... Joaquin Aguirre y... Juan Manuel Montalban. |
| 250 |
_a4ª ed. _breformada y considerablemente aum. por D. José de Vicente y Caravantes. |
||
| 260 |
_aMadrid : _b[s.n.], _c1852 ( _fImp. de Gaspar Roig) |
||
| 300 |
_a6 v. ; _c24 cm. |
||
| 700 | 1 |
_aMontalbán, Juan Manuel, _d1806-1889 _982337 |
|
| 700 | 1 |
_aVicente y Caravantes, José, _dca. 1820-1880 _9133668 |
|
| 700 | 1 |
_aAguirre, Joaquín, _d1807-1869 _9160954 |
|
| 740 | 0 | _aLibrería de jueces, abogados y escribanos. | |
| 852 |
_aES-MaACL _jG-14392-97 |
||
| 999 |
_c68395 _d68395 |
||